| 000 | 00403nam a2200133 4500 | ||
|---|---|---|---|
| 008 | 160420b xxu||||| |||| 00| 0 eng d | ||
| 022 | _a 0118-1831 | ||
| 082 |
_2Dec 2012- June 2013 _aDPer 613.05 _bH34 |
||
| 245 | _aHealth today. | ||
| 260 |
_aPhilippines: _bMIMS Pte Ltd KDN, _cDec 2012- June 2013. |
||
| 300 |
_avarious paging: _bcolor illustrations; _c28 cm. |
||
| 650 | 0 |
_95948 _aHealth |
|
| 942 |
_2ddc _cPER |
||
| 999 |
_c2569 _d2569 |
||